000 00540nam a2200205Ia 4500
005 20250326144329.0
008 250326s9999 xx 000 0 und d
037 _aTextbook
040 _aFMSL
_beng
_cFMSL
041 _aeng
_2eng
084 _aX:51 P7
_qFMSL
100 _aHoffman K D
_9749482
245 0 _aServices marketing
_cHoffman K D; Bateson J E G
250 _a3
260 _aNew Delhi
_bNew Delhi, Thomson
_c2006
365 _b299
650 _aMarketing
942 _cTB
_hX:51 P7
999 _c1303333
_d1303333